Proceedings of International Conference on the Use of New Information Technologies in the Teaching of Science. (Record no. 348560)
[ view plain ]
| 000 -LEADER | |
|---|---|
| fixed length control field | 01014 a2200205 4500 |
| 003 - CONTROL NUMBER IDENTIFIER | |
| control field | OSt |
| 005 - DATE AND TIME OF LATEST TRANSACTION | |
| control field | 20180116182924.0 |
| 008 - FIXED-LENGTH DATA ELEMENTS--GENERAL INFORMATION | |
| fixed length control field | 170830b xxu||||| |||| 00| 0 eng d |
| 020 ## - INTERNATIONAL STANDARD BOOK NUMBER | |
| International Standard Book Number | 9698779000 |
| 040 ## - CATALOGING SOURCE | |
| Transcribing agency | 0 |
| 082 ## - DEWEY DECIMAL CLASSIFICATION NUMBER | |
| Classification number | 507.12 PAK 2002 |
| 100 ## - MAIN ENTRY--PERSONAL NAME | |
| Personal name | Publications of the Islamic Educational, Scientific and Cultural Organization-ISESCO |
| 110 ## - MAIN ENTRY--CORPORATE NAME | |
| Corporate name or jurisdiction name as entry element | Publications of the Islamic Educational, Scientific and Cultural Organization-ISESCO |
| 245 ## - TITLE STATEMENT | |
| Title | Proceedings of International Conference on the Use of New Information Technologies in the Teaching of Science. |
| Statement of responsibility, etc. | Publications of the Islamic Educational, Scientific and Cultural Organization-ISESCO |
| Remainder of title | ISESCO Conference held on 18-19 March. 2002 Islamabad Pakistan |
| 260 ## - PUBLICATION, DISTRIBUTION, ETC. | |
| Place of publication, distribution, etc. | Islamabad. |
| Name of publisher, distributor, etc. | Printed in Pakistan by Prism Graphic. |
| Date of publication, distribution, etc. | 2002. |
| 300 ## - PHYSICAL DESCRIPTION | |
| Extent | 229p. |
| Other physical details | HB |
| 440 ## - SERIES STATEMENT/ADDED ENTRY--TITLE | |
| Title | Proceedings of International Conference on the Use of New Information Technologies in the Teaching of Science. |
| 500 ## - GENERAL NOTE | |
| General note | Hard cover. |
| 942 ## - ADDED ENTRY ELEMENTS (KOHA) | |
| Institution code [OBSOLETE] | NBS |
| Koha item type | Book |
| Call number prefix | 507.12 PAK 2002 |
| Source of classification or shelving scheme | |
| Withdrawn status | Lost status | Damaged status | Not for loan | Permanent Location | Current Location | Date acquired | Total Checkouts | Full call number | Barcode | Date last seen | Date last checked out | Price effective from | Koha item type |
|---|---|---|---|---|---|---|---|---|---|---|---|---|---|
| Central Library (CL) | Central Library (CL) | 08/28/2013 | 1 | 507.12 PAK | NBSD-1760 | 11/23/2017 | 08/23/2017 | 08/28/2013 | Book |
